La educacion y la formacion permanentes:un reto para cada ciudadano (Registro nro. 66453)

Detalles MARC
001 - NÚMERO DE CONTROL
campo de control 117915
005 - FECHA Y HORA DE LA ÚLTIMA TRANSACCIÓN
campo de control 20240201125531.0
008 - DATOS DE LONGITUD FIJA--INFORMACIÓN GENERAL
campo de control de longitud fija 970210e19960501 spa
035 ## - NÚMERO DE CONTROL DEL SISTEMA
Número de control de sistema 117915
035 ## - NÚMERO DE CONTROL DEL SISTEMA
Número de control de sistema (OCoLC)819750116
040 ## - FUENTE DE LA CATALOGACIÓN
Centro/agencia transcriptor comduadb
041 ## - CÓDIGO DE LENGUA
Código de lengua del texto/banda sonora o título independiente spa
100 10 - ENTRADA PRINCIPAL--NOMBRE DE PERSONA
Nombre de persona Cresson, Edith
Código de función aut
Término indicativo de función/relación Autor/a
9 (RLIN) 268170
245 13 - MENCIÓN DE TÍTULO
Título La educacion y la formacion permanentes:un reto para cada ciudadano
650 ## - PUNTO DE ACCESO ADICIONAL DE MATERIA--TÉRMINO DE MATERIA
Término de materia o nombre geográfico como elemento de entrada Educación continuada
9 (RLIN) 39163
650 ## - PUNTO DE ACCESO ADICIONAL DE MATERIA--TÉRMINO DE MATERIA
Término de materia o nombre geográfico como elemento de entrada Europa
9 (RLIN) 5352
773 0# - ENLACE AL DOCUMENTO FUENTE/ENTRADA DE REGISTRO ANFITRIÓN
Título Revista Española de Pedagogía (Madrid)
Parte(s) relacionada(s) Vol. 54, No. 204, May-Ago. 1996, p. 223-229
Número de control del registro 108023
Número Internacional Normalizado para Publicaciones Seriadas 0034-9461
Número bibliográfico anfitrión 88623
942 ## - ELEMENTOS DE ENTRADA AGREGADA (KOHA)
Tipo de ítem Koha Artículo de Revista

No hay ítems disponibles.